| 000 | 00888cam a2200289 i 4500 | ||
|---|---|---|---|
| 001 | 768714001 | ||
| 003 | CO-MdBIC | ||
| 005 | 20231124094606.0 | ||
| 008 | 231124t1976 -us||||| |||| 00| 0 eng d | ||
| 020 | _a0-87680-477-6 | ||
| 040 |
_bspa. _aCO-MdFUSB _cCO-MdFUSB _dCO-MdFUSBC _erda |
||
| 041 | _aeng | ||
| 082 | 0 | 4 | _aG 231 H5211g |
| 100 | 1 | _aHenry, Carl F. H. (Ferdinand Howard) (1913-) | |
| 245 | 1 | 0 |
_aGod, revelation and authority / Carl F. H. Henry _c/ |
| 264 | 1 |
_aWaco, TX., USA : Word _bWord Books, Publisher _c[1976] |
|
| 264 | 4 | _c©1976 | |
| 300 | _c; | ||
| 336 |
_atexto _btxt _2rdacontent |
||
| 337 |
_2rdamedia _asin mediación _bn |
||
| 338 |
_2rdacarrier _avolumen _bnc |
||
| 505 | 0 | 0 | _aVol. I - IV : God who speaks and shows. Vol. V - VI : God who stands |
| 650 | 7 |
_aDios _9178 |
|
| 650 | 0 |
_aRevelación en la Biblia _91078 |
|
| 942 | _cBK | ||
| 945 | _ajohan1477 | ||
| 999 |
_c34055 _d34055 |
||